| 000 | 00404nam a2200145Ia 4500 | ||
|---|---|---|---|
| 008 | 230917s9999||||xx |||||||||||||| ||und|| | ||
| 040 |
_e206846 _aMAIN |
||
| 041 | _aEnglish | ||
| 082 | _a658.3 L976H | ||
| 100 | _aLussier,Robert N | ||
| 245 | 0 | _aHuman resource management: functions, applications, skill development. | |
| 260 |
_aNew Delhi _bSage Publications _c2013 |
||
| 300 | _a588 p. | ||
| 942 | _cBK | ||
| 999 |
_c172825 _d172825 |
||